|
|
|
|
| LEADER |
01095nam a22002892a 4500 |
| 001 |
001449131 |
| 003 |
CZ BrMZK |
| 005 |
20150115093054.0 |
| 007 |
ta |
| 008 |
150115s1958 xr a er|||||||||||cze |
| 015 |
|
|
|a cnb000438880
|
| 035 |
|
|
|a (OCoLC)85192555
|
| 040 |
|
|
|a ABA001
|b cze
|c KLG001
|d ABA001
|d BOA001
|
| 100 |
1 |
|
|a Strumhaus, Oldřich,
|d 1905-1964
|7 jk01121508
|4 edt
|
| 245 |
1 |
0 |
|a Botanika :
|b učebnice pro 7. postupný ročník /
|c Oldřich Strumhaus, Josef Šula, Otto Mrkos
|
| 250 |
|
|
|a 5. vyd.
|
| 260 |
|
|
|a Praha :
|b Státní pedagogické nakladatelství,
|c 1958
|
| 300 |
|
|
|a 78 s. :
|b il. ;
|c 8° +
|e 1 příl. (Tabule XIII-XX, 4. vyd., 8 s.)
|
| 490 |
1 |
|
|a Učebnice pro všeobecně vzdělávací školy
|
| 500 |
|
|
|a Obsahuje rejstřík
|
| 700 |
1 |
|
|a Mrkos, Otto,
|d 1903-1977
|7 jk01082305
|4 edt
|
| 700 |
1 |
|
|a Šula, Josef,
|d 1909-1973
|7 jk01131645
|4 edt
|
| 830 |
|
0 |
|a Učebnice pro všeobecně vzdělávací školy
|0 s
|
| 910 |
|
|
|a BOA001
|b 2-0396.224
|
| 990 |
|
|
|a BK
|
| 991 |
|
|
|b 201501
|
| 996 |
6 |
|
|b 2619051420
|c 2-0396.224
|l MZK
|r Sklad / do 24 hodin
|n 0
|w 001483924
|u 000010
|a 1
|e BOA001
|j MZK50
|s P
|